000 01704nam0a2200277 4500
001 RU\NLR\bibl\1736915
005 20250616111505.0
021 _aRU
_b2011-2663
_9180
035 _a(NLR Aleph) 001727843
090 _a1380586
_c1380586
100 _a20110216d2010 |||y0rusy50 ca
101 0 _arus
102 _aRU
105 _aab |||||||||
200 1 _aПодготовка персонала морских установок по добыче углеводородного сырья на континентальном шельфе Российской Федерации
_eматериалы научно-практического семинара, 12-14 октября 2010 г.
_f[сост.: С.В. Маценко, Л.Г. Дунец]
210 _aНовороссийск
_cРедакционно-издательский отдел ФГОУ ВПО "Морская государственная академия им. адм. Ф.Ф. Ушакова"
_d2010
215 _a248 с.
_cил., карт.
_d30
300 _aВ надзаг.: ФГОУ "Мор. гос. акад. им. адм. Ф.Ф. Ушакова", Юж. регион. центр доп. проф. образования, Центр упр. чрезв. ситуациями "КРИМАС"
606 1 _aБуровые установки плавучие
_jСъезды, совещания и т.п.
_xЭксплуатация
_xКадры
_xПодготовка
_92614222
_3RU\NLR\auth\661550780
686 _aЧ458.755.4(2Р)7я431
702 1 _aМаценко
_bС. В.
_gСергей Валентинович
_4220
801 0 _aRU
_bNLR
_c20110216
_gRCR
801 1 _aRU
_bNLR
_c20110216
942 _cBOOK
980 _aNB